Statistics for He-Man Universe

Click here to take the quiz!

General Stats

  • This quiz has been taken 54 times
  • The average score is 18 of 51

Answer Stats

HintAnswer% Correct
Prince AdamHe-Man
100%
He was once Keldor, brother of King RandorSkeletor
95%
Heroic Master of WeaponsMan-At-Arms
88%
Fighting armored tigerBattle Cat
88%
MagicianOrko
78%
Malevolent sorceressEvil-Lyn
78%
Captain of the Royal GuardTeela
76%
A mandrill-like humanoidBeast Man
73%
A fish-man who controls sea lifeMer-Man
66%
Cyborg with a metal jawTrap Jaw
61%
Stocky WarriorRam Man
59%
Metal HandFisto
54%
Power of flight and energy projectionStratos
44%
Telescoping mechanical neckMekaneck
41%
Anthropomorphic skunkStinkor
41%
MannyMan-E-Faces
39%
Giant anthropomorphic crabClawful
37%
Tzzzzt zzz zzTTTzzBuzz-Off
37%
3-eyed interdimensional bounty hunterTri-Klops
37%
Giant purple pantherPanthor
34%
Axe, Laser gun and ClawRoboto
32%
Evil duplicate of He-ManFaker
32%
Evil Warrior with two headsTwo Bad
29%
Alligator-like creatureWhiplash
29%
War HorseStridor
29%
Master swordsman and bounty hunterBlade
27%
Golden right HandJitsu
24%
Son of King MiroKing Randor
24%
Kreann'ot n'HoroshMoss Man
24%
Cosmic EnforcerZodac
24%
Skeleton ghost warriorScare Glow
24%
Blue-skinned creature with the abilities of a spiderWebstor
22%
Ninja warriorNinjor
22%
Reptilian who can emit sparks out of his mouthSaurod
22%
A dwarf-like ThenurianGwildor
22%
Metal elephant-shaped headSnout Spout
20%
They can transform from meteors into animal formsMeteorbs
17%
"Reincarnation" of the heroic StridorNight Stalker
17%
The "law" of that last frontierRio Blast
17%
The Master of Hyper-SpinRotar
15%
Skeletor's blacksmithSpikor
12%
The oldest and wisest of the dragons of DarksmokeGranamyr
12%
The Sorceress of Castle GrayskullTeela Na
12%
Barbaric birdScreeech
10%
RaeniusClamp Champ
10%
Robotic minionTwistoid
10%
Red trapezoidal-shaped shieldExtendar
7%
Walking time bombBlast-Attak
7%
Giant warlord with long blonde hairTytus
5%
WhirlwindsSky-Klone
5%
Comet WarriorsRock People
5%

Score Distribution

Percentile by Number Answered

Percent of People with Each Score

Your Score History

You have not taken this quiz